00816nam a2200241Ia 450000500170000000800410001702000150005808200170007310000310009024500930012125000190021430000270023350000270026065000390028765000300032665000300035665000330038626400320041933600270045133700330047833800280051104000350053920220317000714.0160601s2005 ck g 000 0 spa  a958200544004a398.2 bB27t1 aBernal Arroyave, Guillermo10aTradición oral escuela y modernidad bla palabra encantada cGuillermo Bernal Arroyave a2a. edición  a259 páginas c24 cm  aIncluye bibliografía142LEMBaTradición oral colombiana 142LEMBaFolclor colombiano 142LEMBaFolclor indígena 142LEMBaFolclor y educación  aBogotá bMagisterioc2005 atextobtxt2rdacontent asin mediaciónbn2rdamedia avolumenbnc2rdacarrier aCO-BoRNBPbspaerdacCO-BoRNBP